000
00270nam a22001217a 4500
020
_a
0-88316-358-0
082
_a
530.72 AIP
100
_a
WI MADISON
_9
67895
245
_a
ADVANCED ACCELERATOR CONCEPTS
260
_a
NEW YORK
_b
PDF
_c
1978
300
_a
568P
942
_c
BK
999
_c
575583
_d
575583